Aktuálna legislatívna úprava umiestnenia prostriedkov technických rezerv v životnom poistení

Enregistré dans:
Détails bibliographiques
Auteur principal: Toncsenková, Andrea
Format: Chapitre de livre
Langue:slovaque
Sujets:
Tags: Ajouter un tag
Pas de tags, Soyez le premier à ajouter un tag!

MARC

LEADER 00000naa$a2200000$$$4500
001 0078954
005 20240502071914.3
041 0 |a slo 
044 |a SK 
245 1 0 |a Aktuálna legislatívna úprava umiestnenia prostriedkov technických rezerv v životnom poistení  |c Andrea Toncsenková 
500 |a Abstrakt 
610 2 0 |a poisťovníctvo 
610 2 0 |a poistenie životné 
610 2 0 |a rezervy poistné 
610 2 0 |a legislatíva 
100 1 |a Toncsenková, Andrea